000 00696nam a22002297a 4500
003 UA-OsUOA
001 45742
007 ta
008 20111115b un ||||| |||| 00| 0 ukr d
100 _aГайманович Я.
090 _a82-94
_bГ14
942 _cBK
040 _aUA-OsUOA
_bukr
_cUA-OsUOA
_dUA-OsUOA
245 _aТабори полонених 1 УД УНА Італія-Англія 1947-1948
300 _a70 с.
955 _a4
041 _aukr
080 _a82-94
650 7 _a82 Література. Літературознавство
_2UDC
999 _c425844
_d425844